LEADER 00561nam a2200169 i 4500 001 000000253772 003 CaOOAMICUS 005 20170413000000.0 008 170413s1847 it u000 u ita u 013 $a232677 040 $aSeMil$bita 245 10$aTomo 3. 300 $a255 p. 773 0 $aColletta, Pietro <1775-1831>$tStoria del Reame di Napoli.$d[Losanna] : A spese dell'editore, 1847.$g3$w()5358 850 $aSeMil 852 $aSeMil$W1$xVenegono$y1$m3T I 109 FA$j204118$B204118$CSeMilBibl$Z2$F217539 $8I 996 $6245$aTomo 3$9(OLS)http://semarc/title/53129 LEADER 01379nam a2200265 i 4500 001 000000052136 003 CaOOAMICUS 005 20251126102916.0 008 090401s1996 it u000 u ita u 040 $aSeMil$bita 100 1 $aCajani, Franco,$d<1943- >.$0(OLS)http://semarc/name/7141 245 10$aCelebrazioni centenarie per due figure dell'episcopato milanese :$bsant'Ambrogio e il patriarca Ballerini /$cFranco Cajani ; presentazione di Giuseppe Cremascoli. 264 1$aBesana Brianza :$bGR Edizioni,$c1996. 300 $a72, CCLXXX, [1] c. di ritratto :$bill. ;$c24 cm. 490 1 $a[I quaderni della Brianza] 600 14$aBallerini, Paolo Angelo .$0(OLS)http://semarc/subject/7330 600 04$aAmbrogio .$0(OLS)http://semarc/subject/356 700 1 $aCremascoli, Giuseppe,$c.$0(OLS)http://semarc/name/3757 830 2$aI quaderni della Brianza.$0(OLS)http://semarc/title/23854 850 $aSeMil 852 $aSeMil$W1$xVenegono$y1$m3UA E 11$j264836$B18291$CSeMilBibl$Z2$F18292 $81 961 $aOmaggio: Cajani Franco 996 $6245$aCelebrazioni centenarie per due figure dell'episcopato milanese :$bsant'Ambrogio e il patriarca Ballerini$9(OLS)http://semarc/title/79950 996 $6264$aBesana Brianza :$bGR Edizioni$9(OLS)http://semarc/publisher/34133